Marketingová komunikácia v hudobnom priemysle
Reklama v hudobnom priemysle v rôznych médiách. Činnosť vydavateľstva Monitor Slovakia, BMG Ariola ČR/SR, PolyGram. Hudobné periodiká na Slovensku. Produkčné spoločnosti zabezpečujúce celý hudobný projekt od nahrávky po koncertnú podobu.
Na minha lista:
| Formato: | Capítulo de Livro |
|---|---|
| Idioma: | eslovaco |
| Assuntos: | |
| Tags: |
Sem tags, seja o primeiro a adicionar uma tag!
|
MARC
| LEADER | 00000naa a2200000 4500 | ||
|---|---|---|---|
| 001 | r021691 | ||
| 005 | 20230922094022.2 | ||
| 041 | 0 | |a slo | |
| 044 | |a SK | ||
| 245 | 1 | 0 | |a Marketingová komunikácia v hudobnom priemysle |
| 520 | |a Reklama v hudobnom priemysle v rôznych médiách. Činnosť vydavateľstva Monitor Slovakia, BMG Ariola ČR/SR, PolyGram. Hudobné periodiká na Slovensku. Produkčné spoločnosti zabezpečujúce celý hudobný projekt od nahrávky po koncertnú podobu. | ||
| 610 | 2 | 0 | |a reklama |
| 610 | 2 | 0 | |a hudba |
| 610 | 2 | 0 | |a Monitor Slovakia |
| 610 | 2 | 0 | |a BMG Ariola ČR/SR |
| 610 | 2 | 0 | |a PolyGram |
| 610 | 2 | 0 | |a periodiká |
| 610 | 2 | 0 | |a vydavateľstvá |